|
|
|
|
| LEADER |
00952nam a2200265 i 4500 |
| 001 |
c000172251 |
| 003 |
CARM |
| 005 |
20030409202658.0 |
| 008 |
690812s1969 enka 000 0 eng |
| 015 |
|
|
|a GB69-18028
|
| 019 |
1 |
|
|a 24544316
|5 LACONCORD2021
|
| 020 |
|
|
|a 0580052990
|
| 035 |
|
|
|a (OCoLC)30300178
|5 LACONCORD2021
|
| 040 |
|
|
|a UKM
|b eng
|c UKM
|d VU
|
| 082 |
0 |
4 |
|a 621.882
|2 18
|
| 110 |
2 |
|
|a British Standards Institution.
|
| 245 |
1 |
0 |
|a Specification for wing nuts :
|b [metric and inch units].
|
| 250 |
|
|
|a 1st revision.
|
| 260 |
|
|
|a London :
|b British Standards Institution,
|c 1969..
|
| 300 |
|
|
|a 14 p. :
|b ill. ;
|c 21 cm.
|
| 440 |
|
0 |
|a British standard
|p 1969 ;
|v 856:
|
| 650 |
|
0 |
|a Bolts and nuts
|x Standards.
|
| 852 |
8 |
|
|b CARM
|h A2:AJ06B0
|i B05244
|p 0226710
|f BK
|
| 999 |
f |
f |
|i 45f78d48-ef34-519f-8e79-50494d727e9c
|s abd83f6b-1926-5b56-9725-47a26bc6e149
|
| 952 |
f |
f |
|p Can circulate
|a CAVAL
|b CAVAL
|c CAVAL
|d CARM 1 Store
|e B05244
|f A2:AJ06B0
|h Other scheme
|i book
|m 0226710
|